[Event "Curitiba Sul Regional-ch"]
[Site "Curitiba"]
[Date "2015.07.10"]
[Round "2"]
[White "Choma, Ernani Francisco"]
[Black "Tacconi da Silva, Lucas"]
[Result "1-0"]
[WhiteElo "2345"]
[BlackElo "1983"]
[PlyCount "75"]
[EventDate "2015.07.10"]
[EventType "swiss"]
[EventRounds "6"]
[EventCountry "BRA"]
[SourceTitle "EXT 2016"]
[Source "ChessBase"]
[SourceDate "2015.10.08"]
[SourceVersion "1"]
[SourceVersionDate "2015.10.08"]
[SourceQuality "1"]

1. Nf3 d5 2. c4 e6 3. g3 f5 4. Bg2 Nf6 5. 0-0 c6 6. d3 dxc4 7. dxc4 Qxd1 8. Rxd1 Bc5 9. Nc3 0-0 10. Bf4 Nbd7 11. Bd6 Re8 12. Bxc5 Nxc5 13. b4 Ncd7 14. e4 fxe4 15. Ng5 Nb6 16. Bf1 e3 17. f3 e5 18. Re1 Bf5 19. Rxe3 h6 20. Nge4 Nxe4 21. Nxe4 Bxe4 22. Rxe4 Rad8 23. Rae1 Rd2 24. Rxe5 Rxe5 25. Rxe5 Rxa2 26. Re8+ Kf7 27. Rb8 Rc2 28. Rxb7+ Kf8 29. c5 Nd5 30. Bd3 Rc3 31. Be4 Rc4 32. b5 Nc3 33. bxc6 Nxe4 34. c7 Rc1+ 35. Kg2 Rc2+ 36. Kf1 Nd2+ 37. Ke2 Ne4+ 38. Kd1 1-0

[Event "Foz do Iguacu op 5th"]
[Site "Foz do Iguacu"]
[Date "2015.06.06"]
[Round "4"]
[White "Caetano, Hugo Zanotti Mendon"]
[Black "Tacconi da Silva, Lucas"]
[Result "1-0"]
[WhiteElo "2204"]
[BlackElo "1983"]
[PlyCount "69"]
[EventDate "2015.06.05"]
[EventType "swiss"]
[EventRounds "6"]
[EventCountry "BRA"]
[SourceTitle "CBM 166 Extra"]
[Source "ChessBase"]
[SourceDate "2015.06.18"]
[SourceVersion "1"]
[SourceVersionDate "2015.06.18"]
[SourceQuality "1"]

1. d4 f5 2. c4 e6 3. Nc3 Nf6 4. Nf3 b6 5. a3 Bb7 6. g3 Be7 7. Bg2 0-0 8. d5 a5 9. 0-0 Na6 10. Bf4 Nh5 11. d6 cxd6 12. Bxd6 Bxd6 13. Qxd6 Qc7 14. Rfd1 Nf6 15. Ne5 Bxg2 16. Kxg2 Qb7+ 17. f3 Ng4 18. Kg1 Nxe5 19. Qxe5 Qc6 20. Nb5 Rfd8 21. Rac1 d5 22. Nd4 Qd6 23. Qxe6+ Qxe6 24. Nxe6 Rd6 25. cxd5 Re8 26. Kf2 Kf7 27. Nc7 Nxc7 28. Rxc7+ Kf6 29. Rc6 Rxc6 30. dxc6 Rc8 31. Rc1 Rc7 32. Ke3 Ke5 33. b4 Kd6 34. b5 g6 35. Kd4 1-0

[Event "BRA-ch Amateur"]
[Site "Sao Paulo"]
[Date "2015.04.30"]
[Round "1"]
[White "Tacconi da Silva, Lucas"]
[Black "Silvestre, Gilmar Severino"]
[Result "1-0"]
[WhiteElo "1979"]
[BlackElo "1635"]
[PlyCount "71"]
[EventDate "2015.04.30"]
[EventType "swiss"]
[EventRounds "7"]
[EventCountry "BRA"]
[SourceTitle "EXT 2022"]
[Source "ChessBase"]
[SourceDate "2021.10.06"]
[SourceVersion "1"]
[SourceVersionDate "2021.10.06"]
[SourceQuality "1"]

1. d4 Nf6 2. Bg5 e6 3. e4 Be7 4. e5 Nd5 5. Bxe7 Qxe7 6. c4 Nf4 7. Qd2 Ng6 8. Nc3 d6 9. exd6 cxd6 10. Nf3 Nc6 11. 0-0-0 0-0 12. h4 f5 13. h5 Nh8 14. Re1 Qf6 15. d5 Ne5 16. dxe6 Nxf3 17. gxf3 Bxe6 18. Nd5 Bxd5 19. Qxd5+ Nf7 20. Bd3 Qg5+ 21. Kb1 Kh8 22. Rhg1 Qxh5 23. Rh1 Qg5 24. Reg1 Qf6 25. Bxf5 Nh6 26. Be4 b6 27. Qd3 Rac8 28. Rg3 Nf5 29. Rgh3 h6 30. Rh5 Nd4 31. R5h3 Ne6 32. Qxd6 Ng5 33. Rxh6+ gxh6 34. Rxh6+ Kg7 35. Rxf6 Rxf6 36. Qd7+ 1-0

[Event "BRA-ch Amateur"]
[Site "Sao Paulo"]
[Date "2015.04.01"]
[Round "3"]
[White "Campos, Igor Ribeiro"]
[Black "Tacconi da Silva, Lucas"]
[Result "1/2-1/2"]
[WhiteElo "2182"]
[BlackElo "1979"]
[PlyCount "150"]
[EventDate "2015.04.30"]
[EventType "swiss"]
[EventRounds "7"]
[EventCountry "BRA"]
[SourceTitle "EXT 2022"]
[Source "ChessBase"]
[SourceDate "2021.10.06"]
[SourceVersion "1"]
[SourceVersionDate "2021.10.06"]
[SourceQuality "1"]

1. d3 d5 2. g3 e6 3. Bg2 f5 4. Nf3 Nf6 5. 0-0 Bc5 6. c4 dxc4 7. Qa4+ c6 8. Qxc4 Qe7 9. e4 fxe4 10. dxe4 b6 11. e5 Nd5 12. Bg5 Qf7 13. Rd1 Ba6 14. Qe4 0-0 15. Nc3 h6 16. Bd2 Nd7 17. a3 Qf5 18. Qxf5 Rxf5 19. b4 Be7 20. Nd4 Raf8 21. Nxd5 cxd5 22. Nxf5 Rxf5 23. f4 Rf8 24. Bh3 Kf7 25. Re1 g6 26. a4 Bc4 27. g4 Bh4 28. Rec1 a6 29. Bf1 Rc8 30. Bxc4 dxc4 31. b5 a5 32. Be3 Be7 33. Rc2 Bc5 34. Kf2 g5 35. Rd1 Ke7 36. Ke2 Bxe3 37. Kxe3 Rc5 38. Re1 c3 39. h4 Rc4 40. Rf1 Nc5 41. hxg5 hxg5 42. fxg5 Rxg4 43. Rh1 Re4+ 44. Kf3 Rxe5 45. Rh7+ Kd6 46. g6 Rf5+ 47. Kg4 Ne4 48. Rf7 Nf6+ 49. Kh4 Rh5+ 50. Kg3 Rg5+ 51. Kf3 Rxg6 52. Rxc3 Rg3+ 53. Kxg3 Ne4+ 54. Kf3 Nxc3 55. Rf4 Nd5 56. Rc4 Ke5 57. Re4+ Kd6 58. Rc4 Ke5 59. Rc6 Kf5 60. Rc4 Ke5 61. Rh4 Nc3 62. Ke3 Nd5+ 63. Kd2 Kd6 64. Kd3 Ke5 65. Re4+ Kd6 66. Kd4 Ne7 67. Re1 Nf5+ 68. Ke4 Ne7 69. Rc1 e5 70. Rd1+ Ke6 71. Rd8 Nf5 72. Re8+ Kd7 73. Kxf5 Kxe8 74. Kxe5 Ke7 75. Kd5 Kd7 1/2-1/2

[Event "Maringa op 4th"]
[Site "Maringa"]
[Date "2014.08.21"]
[Round "3"]
[White "Tacconi da Silva, Lucas"]
[Black "Caetano, Hugo Zanotti Mendon"]
[Result "1/2-1/2"]
[WhiteElo "1990"]
[BlackElo "2190"]
[PlyCount "37"]
[EventDate "2014.08.20"]
[EventType "swiss"]
[EventRounds "9"]
[EventCountry "BRA"]
[SourceTitle "EXT 2015"]
[Source "ChessBase"]
[SourceDate "2014.11.20"]
[SourceVersion "1"]
[SourceVersionDate "2014.11.20"]
[SourceQuality "1"]

1. d4 d5 2. c4 e6 3. Nc3 c6 4. cxd5 exd5 5. Nf3 Bd6 6. Bg5 f6 7. Bh4 Ne7 8. e3 Bf5 9. Bg3 0-0 10. Nh4 Be6 11. Bd3 g6 12. 0-0 Bxg3 13. hxg3 Nd7 14. Qc2 f5 15. Nf3 Nc8 16. b4 Nd6 17. b5 Rc8 18. bxc6 Rxc6 19. Rfc1 1/2-1/2

[Event "Maringa op 3rd"]
[Site "Maringa"]
[Date "2013.07.26"]
[Round "5"]
[White "Tacconi da Silva, Lucas"]
[Black "Matsuura, Everaldo"]
[Result "0-1"]
[WhiteElo "2007"]
[BlackElo "2491"]
[PlyCount "52"]
[EventDate "2013.07.24"]
[EventType "swiss"]
[EventRounds "8"]
[EventCountry "BRA"]
[SourceTitle "CBM 155 Extra"]
[Source "ChessBase"]
[SourceDate "2013.08.26"]
[SourceVersion "1"]
[SourceVersionDate "2013.08.26"]
[SourceQuality "1"]

1. c4 e5 2. Nc3 Nf6 3. Nf3 e4 4. Ng5 b5 5. Ngxe4 Nxe4 6. Nxe4 bxc4 7. e3 d5 8. Nc3 c6 9. d3 cxd3 10. Bxd3 Bd6 11. Qh5 Nd7 12. h3 Ne5 13. Be2 0-0 14. 0-0 f5 15. f4 g6 16. Qg5 Qxg5 17. fxg5 Nf7 18. Rd1 Nxg5 19. Nxd5 cxd5 20. Rxd5 Ne4 21. Bc4 Be6 22. Rxd6 Bxc4 23. Rd4 Be6 24. b3 Rfc8 25. Ba3 Rc2 26. Bd6 Nc3 0-1

[Event "Foz do Iguacu op 3rd"]
[Site "Foz do Iguacu"]
[Date "2013.06.02"]
[Round "5"]
[White "Franceschina, Dalvan Jose"]
[Black "Tacconi da Silva, Lucas"]
[Result "1-0"]
[WhiteElo "1983"]
[BlackElo "2041"]
[PlyCount "43"]
[EventDate "2013.05.31"]
[EventType "swiss"]
[EventRounds "6"]
[EventCountry "BRA"]
[SourceTitle "CBM 154 Extra"]
[Source "ChessBase"]
[SourceDate "2013.06.25"]
[SourceVersion "2"]
[SourceVersionDate "2013.06.25"]
[SourceQuality "1"]

1. e4 c6 2. d4 d5 3. exd5 cxd5 4. c4 Nf6 5. Nc3 e6 6. c5 Be7 7. Bf4 0-0 8. h3 b6 9. b4 a5 10. a3 Ne4 11. Nb5 Bd7 12. Nc7 Bh4 13. g3 g5 14. Nxa8 gxf4 15. gxh4 Nxf2 16. Kxf2 Qxh4+ 17. Ke2 Bb5+ 18. Kd2 Qf2+ 19. Kc3 Qe3+ 20. Bd3 Nc6 21. cxb6 Rxa8 22. Qg4+ 1-0

[Event "Maringa op 2nd"]
[Site "Maringa"]
[Date "2012.08.12"]
[Round "8"]
[White "Moura, Pedro Camargo"]
[Black "Tacconi da Silva, Lucas"]
[Result "0-1"]
[WhiteElo "2002"]
[BlackElo "1850"]
[PlyCount "95"]
[EventDate "2012.08.08"]
[EventType "swiss"]
[EventRounds "9"]
[EventCountry "BRA"]
[SourceTitle "CBM 149 Extra"]
[Source "ChessBase"]
[SourceDate "2012.08.24"]
[SourceVersion "1"]
[SourceVersionDate "2012.08.24"]
[SourceQuality "1"]

1. e4 c6 2. d4 d5 3. Nd2 dxe4 4. Nxe4 Bf5 5. Ng3 Bg6 6. Bc4 e6 7. N1e2 Bd6 8. 0-0 Qc7 9. f4 Ne7 10. Bd3 Bxd3 11. Qxd3 g6 12. f5 Nxf5 13. Nxf5 exf5 14. Ng3 Bxg3 15. hxg3 0-0 16. Bh6 Re8 17. g4 fxg4 18. Rf6 Re6 19. Qa3 Na6 20. Rf4 Qe7 21. Qg3 f5 22. Qb3 Qf7 23. Raf1 Re7 24. c4 Qe6 25. R4f2 b5 26. Bg5 Ree8 27. Rc2 Rac8 28. Bh6 Nc7 29. Rd1 bxc4 30. Rxc4 Nd5 31. Rdc1 f4 32. Rf1 Ne3 33. Qb7 Qe7 34. Rb4 Nxf1 35. Qxe7 Rxe7 36. Kxf1 g5 37. Bxg5 Rf7 38. g3 f3 39. Rc4 Rf5 40. Be3 h5 41. Ra4 a5 42. Bf4 Kf7 43. Be5 Ke6 44. Rxa5 c5 45. Ra6+ Kd7 46. Rd6+ Ke7 47. Rh6 cxd4 48. Bxd4 0-1

[Event "Maringa op 2nd"]
[Site "Maringa"]
[Date "2012.08.11"]
[Round "7"]
[White "Tacconi da Silva, Lucas"]
[Black "Garkauskas, Otto Dmitry"]
[Result "1/2-1/2"]
[WhiteElo "1850"]
[BlackElo "2060"]
[PlyCount "47"]
[EventDate "2012.08.08"]
[EventType "swiss"]
[EventRounds "9"]
[EventCountry "BRA"]
[SourceTitle "CBM 149 Extra"]
[Source "ChessBase"]
[SourceDate "2012.08.24"]
[SourceVersion "1"]
[SourceVersionDate "2012.08.24"]
[SourceQuality "1"]

1. c4 c6 2. Nc3 d5 3. cxd5 cxd5 4. d4 Nf6 5. Nf3 Nc6 6. Bf4 Bf5 7. e3 e6 8. a3 Bd6 9. Bg5 0-0 10. Bd3 Bxd3 11. Qxd3 Rc8 12. 0-0 Na5 13. Nd2 Bxh2+ 14. Kxh2 Ng4+ 15. Kg3 Qxg5 16. f4 Ne5+ 17. fxg5 Nxd3 18. Rab1 Nxb2 19. Nxd5 exd5 20. Rxb2 Rc3 21. Rb5 Nc4 22. Nxc4 dxc4 23. Rxb7 Rxa3 24. Rf3 1/2-1/2